000 00294nam a2200109Ia 4500
008 200302s9999 xx 000 0 und d
100 _aPete Sivier Will Mclean
245 _aIntroduction to Architectural Technology 2nd ed.,
260 _bLaurence King Publishing
260 _c201
300 _a208
999 _c3380
_d3380